000 00526nam a2200181Ia 4500
008 090123s9999 xx 000 0 und d
082 _b1112
100 _aकर्वे चि. श्री.
245 _aनिळे आकाश
250 _a1
260 _bकुलकर्णी अ.अ.
300 _a139
600 _aकर्वे चि. श्री.
630 _aनिळे आकाश
700 _aकर्वे चि. श्री.
730 _aनिळे आकाश
942 _cBOOK
999 _c39196
_d39196